| 000 | 00554nmm a2200169Ia 4500 | ||
|---|---|---|---|
| 008 | 251105s9999||||xx |||||||||||||||||und|| | ||
| 020 | _a9788495839558 | ||
| 041 | _aspa | ||
| 100 | _aEscuela Orson the Kid | ||
| 245 | 0 |
_aOrson the Kid : _b escuela de cine para niños : doce guiones cinematográficos escritos y realizados por niños de 8 a 16 |
|
| 264 |
_a[Madrid, España] : _bOcho y Medio, _c2003 |
||
| 300 | _a152 páginas | ||
| 490 | _aEspiral | ||
| 650 | _aFilm studies | ||
| 856 | _uhttps://public.digitaliapublishing.com/a/396 | ||
| 942 | _cCF | ||
| 999 |
_c89664 _d89664 |
||